[Event "FRA-ch U20"]
[Site "Europe Echecs INT"]
[Date "2020.07.12"]
[Round "1"]
[White "Rollot, Florence"]
[Black "Favier Sagnes, Julien"]
[Result "1-0"]
[WhiteElo "1973"]
[BlackElo "1178"]
[PlyCount "55"]
[EventDate "2020.07.12"]
[EventType "swiss (rapid)"]
[EventRounds "9"]
[EventCountry "FRA"]
[SourceTitle "EXT 2021"]
[Source "ChessBase"]
[SourceDate "2020.10.23"]
[SourceVersion "1"]
[SourceVersionDate "2020.10.23"]
[SourceQuality "1"]

1. Nf3 d5 2. c4 e6 3. g3 Nf6 4. Bg2 c6 5. Qc2 Qb6 6. 0-0 Bc5 7. e3 0-0 8. d4 Be7 9. a3 Nbd7 10. b4 dxc4 11. Qxc4 Qd8 12. Nbd2 Qc7 13. e4 b5 14. Qc2 Bb7 15. Nb3 Bd8 16. Bf4 Qc8 17. Rac1 Bc7 18. Bxc7 Qxc7 19. Nfd2 Rac8 20. e5 Nd5 21. Ne4 f5 22. Nd6 Rb8 23. Nxb7 Rxb7 24. Qxc6 Rc8 25. Qxe6+ Kh8 26. Rxc7 Rbxc7 27. Bxd5 Nf8 28. Qg8# 1-0